000
00249nam a22000977a 4500
082
_a
355 ISL'A
245
_a
ISLAMIC WORLD DEFENCE QUARTELY REVIEW OF ISLAMIC MILITARY AFFAIRS
260
_a
ENGLAND
_b
AL-HUSSAINI
_c
1983
300
_a
VOL-2
942
_c
BK
999
_c
580677
_d
580677